00613 2200217 4500001002100000005001500021035002000036007000300056008004100059020001800100082001100118084001700129100002000146245004600166260004400212500009000256650001400346856001700360990000900377990000900386INLIS00000000000009920220127120336 a0010-0122000099ta220127 g 0 ind  a9786020274027 a006.66 a006.66 WAH r0 aWahana Komputer1 aRagam desain layout dengan adobe indesign aJakarta :bElex Media Komputindo,c2015 aAdobe indesign merupakan software dekstop publishing yang dimiliki oleh adobe system. 4aCoreldraw aKoleksi Umum a4769 a4770